000 00795cam a2200229 a 4500
001 000019157
005 20200929165933.0
008 720728s1939 mau 000 e eng d
040 _aDO-SdBNP
_cODaWU
_dOCoLC
_dOKentU
_dDLC
_dBNPHU
082 _a814.52
_bS642u
100 1 _aSmith, Logan Pearsall,
_d1865-1946.
_941232
245 1 0 _aUnforgotten years /
_cLogan Pearsall Smith.
260 _aBoston :
_bLittle, Brown and Company,
_c1939.
300 _a295, [296] p. ;
_c21 cm.
500 _aReminiscences.
500 _a"Published January 1939; reprinted January 1939 (twice)
600 1 0 _aSmith, Logan Pearsall,
_d1865-1946.
_941232
650 4 _aEnsayos estadounidense
_912485
650 4 _aLiteratura estadounidense
_ySIGLO XX
_96874
910 _aCatalogación derivada / LC
049 _aBNGR
999 _c18675
_d18675